| 000 | 00575nam a22002177a 4500 | ||
|---|---|---|---|
| 999 |
_c2812 _d2812 |
||
| 003 | OSt | ||
| 005 | 20210722054050.0 | ||
| 008 | 210722b ||||| |||| 00| 0 eng d | ||
| 020 | _a 9781111572075 | ||
| 020 | _a1111572070 | ||
| 040 | _cALUPE UN | ||
| 050 |
_aQC21.3 _b.S46 2012 |
||
| 100 | _aRaymond A. Serway | ||
| 245 | _aCollege physics | ||
| 250 | _a Hybrid ed | ||
| 260 |
_a Boston, MA _b Brooks/Cole, Cengage Learning, _c ©2012. |
||
| 300 | _a 860p | ||
| 650 | _a Physics -- Textbooks. Physics. | ||
| 700 | _aChris Vuille | ||
| 942 |
_2lcc _cBK _nDO |
||